Cat in a leopard spot #13: a Midnight Louie ... Read More
Available copies
- 1 of 1 copy available at LARL/NWRL Consortium.
- 1 of 1 copy available at Lake Agassiz Regional Library. (Show preferred library)
Current holds
0 current holds with 1 total copy.
Show Only Available Copies
| Location | Call Number / Copy Notes | Barcode | Shelving Location | Status | Due Date |
|---|---|---|---|---|---|
| Moorhead Public Library | M Dou (Text) | 33500006549356 | Main | Available | - |
Record details
- ISBN: 031285370X (acid-free paper)
- Physical Description: 380 p. ; 22 cm.
- Publisher: New York : Forge, 2001.
Content descriptions
| General Note: | "A Tom Doherty Associates book." |
Search for related items by subject
| Genre: | Mystery fiction. |
Search for related items by series
| LDR | 01314nam a2200361Ia 4500 | ||
|---|---|---|---|
| 001 | 34886 | ||
| 003 | LARL_NWRL_CONSORTIUM | ||
| 005 | 20010601100528.0 | ||
| 008 | 001002s2001 nyu 000 1 eng | ||
| 020 | . | ‡a031285370X (acid-free paper) | |
| 035 | . | ‡a(OCoLC)45137496 | |
| 082 | 0 | 0. | ‡a813/.54 ‡221 |
| 099 | . | ‡aDou | |
| 100 | 1 | . | ‡aDouglas, Carole Nelson. ‡0(LARL_NWRL_CONSORTIUM)71274 |
| 245 | 1 | 0. | ‡aCat in a leopard spot ‡n#13: ‡ba Midnight Louie mystery / ‡cCarole Nelson Douglas. |
| 260 | . | ‡aNew York : ‡bForge, ‡c2001. | |
| 300 | . | ‡a380 p. ; ‡c22 cm. | |
| 490 | 0 | . | ‡aMidnight Louie ; ‡v13 |
| 500 | . | ‡a"A Tom Doherty Associates book." | |
| 650 | . | ‡aAdult Mystery | |
| 650 | 0. | ‡aMidnight Louie (Fictitious character) ‡vFiction. ‡0(LARL_NWRL_CONSORTIUM)173370 | |
| 650 | 0. | ‡aBarr, Temple (Fictitious character) ‡vFiction. ‡0(LARL_NWRL_CONSORTIUM)170900 | |
| 650 | 0. | ‡aPublic relations consultants ‡vFiction. ‡0(LARL_NWRL_CONSORTIUM)174491 | |
| 650 | 0. | ‡aWomen cat owners ‡vFiction. ‡0(LARL_NWRL_CONSORTIUM)167905 | |
| 651 | 0. | ‡aLas Vegas (Nev.) ‡vFiction. ‡0(LARL_NWRL_CONSORTIUM)168650 | |
| 650 | 0. | ‡aCats ‡vFiction. ‡0(LARL_NWRL_CONSORTIUM)164102 | |
| 655 | 7. | ‡aMystery fiction. ‡2gsafd | |
| 901 | . | ‡a34886 ‡bOCLC ‡c34886 ‡tbiblio | |

Add to basket
Permalink
Disable Highlighting